Model Answer of Community Health Nursing/ (Record no. 1320)

MARC details
000 -LEADER
Fixed length control field 00555nam a2200205Ia 4500
003 - CONTROL NUMBER IDENTIFIER
Control field IIN
005 - DATE AND TIME OF LATEST TRANSACTION
Control field 20250521113626.0
008 - FIXED-LENGTH DATA ELEMENTS--GENERAL INFORMATION
Fixed length control field 231217s2021 xx d 000 0 eng d
020 ## - INTERNATIONAL STANDARD BOOK NUMBER / ISBN
Price Rs.424.00
International Standard Book Number 9789394624078
040 ## - CATALOGING SOURCE
Original cataloging agency IIN
Language of cataloging English
082 ## - DEWEY DECIMAL CLASSIFICATION NUMBER
Classification number 610.7343
Book Number BIR
100 1# - MAIN ENTRY--PERSONAL NAME
Personal name Bir, Usha
245 1# - TITLE STATEMENT
Title Model Answer of Community Health Nursing/
Statement of responsibility Usha Bir & Kasturi Mandal
250 ## - EDITION STATEMENT
Edition statement 2nd ed
260 ## - IMPRINT
Place of publication Kolkata
Name of publisher Ananda Publishers
Date of publication 2021
300 ## - PHYSICAL DESCRIPTION
Page / Vol. No xv, 480p.
650 1# - SUBJECT ADDED ENTRY--TOPICAL TERM
Topical term Community Health Nursing
700 1# - ADDED ENTRY--PERSONAL NAME
Personal name Mandal, Kasturi
942 ## - ADDED ENTRY ELEMENTS (KOHA)
Koha item type Books
Holdings
Withdrawn status Lost status Source of classification Damaged status Not for loan Collection code Home library Current library Date acquired Price Total Checkouts Call number Accession number Date last seen Copy number Price effective from Koha item type Date checked out Shelving location
    Dewey Decimal Classification       IDEAL INSTITUTE OF NURSING IDEAL INSTITUTE OF NURSING 17/12/2023 424.00   610.7343 BIR 1314 17/12/2023 1 17/12/2023 Books    
    Dewey Decimal Classification       IDEAL INSTITUTE OF NURSING IDEAL INSTITUTE OF NURSING 17/12/2023 424.00 1 610.7343 BIR 1315 16/12/2025 2 17/12/2023 Books 10/12/2025  
    Dewey Decimal Classification       IDEAL INSTITUTE OF NURSING IDEAL INSTITUTE OF NURSING 17/12/2023 424.00 2 610.7343 BIR 1316 16/12/2025 3 17/12/2023 Books 10/12/2025  
    Dewey Decimal Classification     Purches Book IDEAL INSTITUTE OF NURSING IDEAL INSTITUTE OF NURSING 11/03/2025 475.00   610.7343 BIR 2044 21/05/2025 4 21/05/2025 Books   General Stacks
© Ideal Institute Of Nursing, All rights reserved.         Powered by Koha